00506cam a2200181 a 4500001000800000005001700008008004100025010001700066020003200083040001800115041000800133080001700141082002100158100000700179101000800186245006600194504006400260161466720180307072500.0950508s1995 caua b 001 0 eng  a 95011314  a0787901105 (acidfree paper) aDLCcDLCdDLC aeng a658.4092 POS00a658.4092 POS2201 a54 aLID14aThe leadership challenge :cJames M. Kouzes, Barry Z. Posner. aIncludes bibliographical references (p. 353-377) and index.